000 00503nam a2200169 i 4500
001 60377
003 ES-MaACL
005 20231224062924.0
007 t|
008 031104s1903 sp ||||1| spa d
100 1 _aEspronceda, José de,
_d1808-1842
_947951
245 1 3 _aEl estudiante de Salamanca /
_cpor José de Espronceda.
260 _aMadrid :
_b[s.n.,
_c1903] (
_fEst. Tip. de Antonio Marzo)
300 _a63 p. ;
_c22 cm.
852 _aES-MaACL
_jT-1258-F-5
999 _c60377
_d60377